| 000 | 01015cam a22002894a 4500 | ||
|---|---|---|---|
| 999 |
_c330264 _d330264 |
||
| 001 | 12452478 | ||
| 003 | NUST | ||
| 005 | 20170615124840.0 | ||
| 008 | 010626s2002 mauab 001 0 eng | ||
| 010 | _a 2001045264 | ||
| 020 | _a0072320427 | ||
| 020 | _a0071122753 (ISE) | ||
| 040 |
_aDLC _cDLC _dDLC |
||
| 042 | _apcc | ||
| 050 | 0 | 0 |
_aQR41.2 _b.T35 2002 |
| 082 | 0 | 0 |
_a579 TAL _221 |
| 100 | 1 |
_aTalaro, Kathleen P. _92733 |
|
| 245 | 1 | 0 |
_aFoundations in microbiology / _cKathleen Park Talaro, Arthur Talaro. |
| 250 | _a4th ed. | ||
| 260 |
_aBoston : _bMcGraw-Hill, _cc2002. |
||
| 300 |
_a1 v. ( various pagings) : _bill. (some col.), col. maps ; _c29 cm. |
||
| 500 | _aIncludes index. | ||
| 501 | _aP.B | ||
| 650 | 0 |
_aMicrobiology. _91022 |
|
| 650 | 0 |
_aMedical microbiology. _92536 |
|
| 700 | 1 |
_aTalaro, Arthur. _92734 |
|
| 906 |
_a7 _bcbc _corignew _d1 _eocip _f20 _gy-gencatlg |
||
| 942 |
_2ddc _cBK _kIESE |
||